000 00878nam a2200301Ia 4500
003 OSt
005 20250519162234.0
008 25051950409s9999 xx 000 0 eng d
037 _aTextbook
040 _aLCT
_beng
_cLCT
041 _aeng
_2eng
084 _aZ,7,11 Q16
_qLCT
100 _a Mulla
_9784797
245 0 _aCode of Civil Procedure:
_cabridged/
_bby Mulla
250 _a16th ed.
260 _aGurgaon, India:
_bLexis Nexis,
_c2016
300 _accxliv, 2194p.
365 _aINR
_b750
650 _aLaw
_9784798
650 _aCode of Civil Procedure
_9784799
650 _aCommercial Courts Act
_9784800
650 _aCivil procedure India
_9784801
650 _aCriminal law
_9784802
650 _a Criminal law India
_9784803
650 _aLaw Commentaries
_9784804
942 _cTB
_hZ,7,11 Q16
_2CC
_n0
999 _c1428843
_d1428843